Prowincje i Terytoria W Kanadzie - Statystyki

Ogólne statystyki
  • Ten quiz został rozwiązany 239 razy
  • Średni wynik to 7 z 13
Statystyki odpowiedzi
Odpowiedź % Poprawnych
QC Quebec
95%
ON Ontario
88%
NS Nowa Szkocja
62%
AB Alberta
61%
BC Kolumbia Brytyjska
56%
YT Jukon
55%
NB Nowy Brunszwik
51%
MB Manitoba
47%
NU Nunavut
46%
NT Terytoria Północno-Zachodnie
43%
PE Wyspa Księcia Edwarda
43%
SK Saskatchewan
41%
NL Nowa Fundlandia i Labrador
24%
Nie znaleziono quizów pasujących do podanych kryteriów
Rozkład punktacji
Procent ludzi z każdym wynikiem
Percentyl według liczby udzielonych odpowiedzi
Twoja historia wyników
Nie rozwiązałeś tego quizu